000
00281nam a2200133Ia 4500
008
260604s9999 xx 000 0 und d
020
_a
9780141371412
082
_a
813 DAH
100
_a
ROALD DAHL
_9
35369
245
0
_a
Going Solo
260
_b
PRH
500
_a
Solo
942
_c
BK
999
_c
8162
_d
8162